| 000 | 00444nam a22001457a 4500 | ||
|---|---|---|---|
| 008 | 230522b |||||||| |||| 00| 0 eng d | ||
| 040 |
_aNational Science Library _cNational Science Library |
||
| 080 |
_a016:95-12 _bK2 |
||
| 245 |
_aSoutheast Asian history: _bA bibliographic guide |
||
| 260 |
_aNew York: _bFrederick A. Praeger, _c1962 |
||
| 300 | _avii, 138p. | ||
| 650 | _aGeography | ||
| 700 | _aHay, Stephen N (Ed.) | ||
| 942 |
_2udc _cREF |
||
| 999 |
_c32990 _d32990 |
||